[Event "George Trundle Reserves"]
[Site "Auckland"]
[Date "2019.01.12"]
[Round "9"]
[White "McNally, Ian"]
[Black "Aman, Chahal"]
[Result "1/2-1/2"]
[WhiteElo "1504"]
[BlackElo "1762"]
[PlyCount "21"]
[EventDate "2019.01.04"]
[EventType "tourn"]
[EventRounds "9"]
[EventCountry "NZL"]
[SourceTitle "CBM 189 Extra"]
[Source "ChessBase"]
[SourceDate "2019.06.03"]
[SourceVersion "1"]
[SourceVersionDate "2019.06.03"]
[SourceQuality "1"]

1. e4 e6 2. d4 d5 3. Nc3 Bb4 4. e5 c5 5. a3 Bxc3+ 6. bxc3 Ne7 7. a4 Qa5 8. Qd2 Bd7 9. Ba3 Qxa4 10. Nf3 h6 11. Be2 1/2-1/2

[Event "AUS-ch Major"]
[Site "Cammeray"]
[Date "2010.01.13"]
[Round "11"]
[White "Aman, Chahal"]
[Black "Papp, Alexander"]
[Result "0-1"]
[WhiteElo "1872"]
[BlackElo "1673"]
[PlyCount "96"]
[EventDate "2010.01.02"]
[EventType "swiss"]
[EventRounds "11"]
[EventCountry "AUS"]
[SourceTitle "EXT 2011"]
[Source "ChessBase"]
[SourceDate "2010.11.26"]
[SourceVersion "1"]
[SourceVersionDate "2010.11.26"]
[SourceQuality "1"]

1. e4 d5 2. d3 dxe4 3. dxe4 Qxd1+ 4. Kxd1 e5 5. Be3 Nf6 6. f3 Be7 7. Bc4 0-0 8. c3 Nc6 9. Kc2 Na5 10. Nd2 Rd8 11. Bb3 a6 12. Ne2 Nxb3 13. axb3 Be6 14. b4 Ne8 15. Rhd1 f6 16. Nb3 f5 17. Nc5 Bc4 18. Nd3 fxe4 19. fxe4 Nf6 20. Ng3 Ng4 21. Bg1 Bxd3+ 22. Rxd3 Rxd3 23. Kxd3 Rd8+ 24. Ke2 Bg5 25. Rd1 Rxd1 26. Kxd1 Ne3+ 27. Bxe3 Bxe3 28. Ne2 Kf7 29. Kc2 b5 30. Kd3 Bf2 31. Nc1 Bg1 32. h3 Kg6 33. Nb3 Kg5 34. g3 Bf2 35. Ke2 Bxg3 36. Nc5 Kf4 37. Nxa6 c6 38. Kd3 g5 39. Nc7 Bh4 40. b3 Kg3 41. c4 Kxh3 42. cxb5 cxb5 43. Nxb5 g4 44. Nc3 Bf2 45. Ne2 g3 46. Kc4 g2 47. Kd5 Kg4 48. Kxe5 Kf3 0-1

[Event "Gurgon op 1st"]
[Site "Gurgon"]
[Date "2009.01.21"]
[Round "1"]
[White "Aman, Chahal"]
[Black "Lalith, Babu MR"]
[Result "0-1"]
[WhiteElo "1900"]
[BlackElo "2477"]
[PlyCount "58"]
[EventDate "2009.01.21"]
[EventType "swiss"]
[EventRounds "10"]
[EventCountry "IND"]
[SourceTitle "CBM 128 Extra"]
[Source "ChessBase"]
[SourceDate "2009.03.05"]
[SourceVersion "2"]
[SourceVersionDate "2009.03.25"]
[SourceQuality "1"]

1. e4 c6 2. d4 d5 3. Nc3 dxe4 4. Nxe4 Bf5 5. Ng3 Bg6 6. Nf3 Nd7 7. Bd3 e6 8. 0-0 Ngf6 9. Re1 Bd6 10. Ne4 Nxe4 11. Bxe4 Nf6 12. Bg5 Qc7 13. Bxf6 gxf6 14. c3 0-0-0 15. Qa4 Kb8 16. b4 f5 17. Bc2 Bh5 18. Bd1 Rhg8 19. h3 Rg7 20. Kh1 Rdg8 21. Nh4 Bxd1 22. Qxd1 Be7 23. Qh5 Qf4 24. Nf3 Rxg2 25. Rg1 R8g5 26. Qxf7 Rxg1+ 27. Nxg1 Bd6 28. Qe8+ Kc7 29. Qf7+ Kb6 0-1